000 00695nam a2200169 a 4500
008 201117s2019 ||||||||||||||||| || u
020 _a9780008274504
050 _aPZ 7.R446
100 _aMacgregor, Virginia
245 1 0 _aAs far as the stars
_cBy Virginia Macgregor
260 _aLondon
_bHarperCollinsPublishers
_c2019
300 _a439 pages
350 _a49.57
650 _aENGLISH LANGUAGE
995 _aFICTION Collection
_e750508
_FCBU-MAIN LIBRARY (Kitwe)
_I49.57
_jPZ 7.R446
_M2
_UAVAILABLE
_WDec 10, 2020
_y750508
_ZFiction Collection
995 _aFICTION Collection
_e905214
_FCBU-SCHOOL OF MEDICINE LIBRARY (Ndola)
_I49.57
_jPZ 7.R446
_M1
_UAVAILABLE
_WNov 30, 2020
_y905214
_ZFiction Collection
999 _c63686
_d63686